El lenguaje y el pensamiento del niño pequeño /
Guardado en:
| Autor Principal: | |
|---|---|
| Formato: | Libro |
| Publicado: |
Buenos Aires :
Paidós,
1965
|
| Materias: | |
| Etiquetas: |
Agregar Etiqueta
Sin Etiquetas, Sea el primero en etiquetar este registro!
|
| LEADER | 00875nam a22002535a 4500 | ||
|---|---|---|---|
| 001 | CEM.cems006959 | ||
| 005 | 20060214000000.0 | ||
| 008 | 130507s1965##################000#0#####d | ||
| 003 | CEMS | ||
| 082 | 0 | 4 | |a 158.8 |
| 100 | 1 | |a Piaget, Jean | |
| 245 | 1 | 0 | |a El lenguaje y el pensamiento del niño pequeño / |
| 260 | |a Buenos Aires : |b Paidós, |c 1965 | ||
| 300 | |a 98 p. | ||
| 653 | |a Inteligencia-piaget | ||
| 653 | |a Niño-inteligencia | ||
| 653 | |a Niño-pensamiento | ||
| 653 | |a Pensamiento-piaget | ||
| 653 | |a Psicología | ||
| 859 | |a CEMS |b BIB. CEMS - 11 de abril |h 158.8 |i P571 |p 12942.84 |t Ej.5 | ||
| 859 | |a CEMS |b BIB. CEMS - 11 de abril |h 158.8 |i P571 |p 2492.74 |t Ej.3 | ||
| 859 | |a CEMS |b BIB. CEMS - 11 de abril |h 158.8 |i P571 |p 420.73 |t Ej.1 | ||
| 859 | |a CEMS |b BIB. CEMS - 11 de abril |h 158.8 |i P571 |p 707.73 |t Ej.2 | ||
| 859 | |a CEMS |b BIB. CEMS - 11 de abril |h 158.8 |i P571 |p 8014.80 |t Ej.4 | ||
